| 000 | 00703nam a2200265Ia 4500 | ||
|---|---|---|---|
| 003 | OSt | ||
| 005 | 20221006160908.0 | ||
| 006 | a|||||r|||| 00| 0 | ||
| 007 | ta | ||
| 008 | 221006b |||||||| |||| 00| 0 eng d | ||
| 020 |
_a9788968173844 _cW, 10.000 |
||
| 024 | _a46,755 | ||
| 037 | _cTextual | ||
| 040 |
_aEASL _cEASL _beng |
||
| 041 |
_2eng _aeng |
||
| 082 | _aY:1.495, Q6 | ||
| 100 |
_aYUN-GON Choi _9675376 |
||
| 245 | 0 | _aK-Culture 10 | |
| 260 |
_aSeoul _bKorean Cultural Campany Korean _c2016 |
||
| 300 |
_a134p. _ccm. |
||
| 490 | _v KL | ||
| 700 |
_a RONG Jeon Cho _9675377 |
||
| 942 |
_hY:1.495, Q6 _cTEXL _2CC |
||
| 999 |
_c1114844 _d1114844 |
||